| 000 | 01488nam a2200253 4500 | ||
|---|---|---|---|
| 001 | 0000010699 | ||
| 005 | 20250329165434.0 | ||
| 008 | 180403s2018 000 0 eng d | ||
| 040 |
_aCO-CtgCURN _bspa _ccoctgcurn |
||
| 082 | 0 |
_aENF 2018 _bC172 |
|
| 100 | 1 | _aCamargo Polo, Yan Carlos. | |
| 245 | 1 | 0 |
_aSíndrome metabólico y antipsicóticos de segunda generación (ap2g) en pacientes con esquizofrenia y trastorno bipolar / _cYan Carlos Camargo Polo; Nilvia Julio Geliz; Heidy Núñez San Martin; Sohely Padilla Godoy; Investigadores: Zorayda Barrios Puerta. |
| 260 |
_aCartagena de Indias : _bCorporación Universitaria Rafael Núñez, _c2018. |
||
| 504 | _aTrabajo de grado (Enfermeria). Corporación Universitaria Rafael Nuñez. Facultad de Ciencias de la Salud. Enfermeria, 2018. | ||
| 520 | _aEl Síndrome Metabólico lo constituye un conjunto de diversas situaciones clínicas como la Diabetes Mellitus, la Hipertensión Arterial y la Dislipidemia. | ||
| 650 | 0 |
_aEnfermeria _vTesis y disertaciones academicas. |
|
| 700 | 1 | _aJulio Geliz, Nilvia. | |
| 700 | 1 | _aNúñez San Martin, Heidy. | |
| 700 | 1 | _aPadilla Godoy, Sohely. | |
| 700 | 1 |
_aBarrios Puerta, Zorayda, _eInvestigadores. |
|
| 856 |
_uhttps://unicurn.sharepoint.com/:b:/s/biblioteca/EfytzaqhwlFKjiWqDQFLptABuV1jTYcJLNO9DPYzNuLU3A?e=uwGQSm _zClick aqui para ver el recurso en texto completo |
||
| 942 |
_2ddc _cTG _hENF 2018 _iC172 |
||
| 999 |
_c3991 _d3991 |
||